[Event "L.Rudenko Memorial 2011"]
[Site "St. Petersburg"]
[Date "2011.08.24"]
[Round "2"]
[White "Shulakova, Svetlana"]
[Black "Styazhkina, Anna"]
[Result "1/2-1/2"]
[WhiteElo "2177"]
[BlackElo "2039"]
[PlyCount "83"]
[EventDate "2011.08.23"]

1. d4 d5 2. c4 c6 3. cxd5 cxd5 4. Bf4 Qb6 5. Nc3 Nf6 6. Qd2 Nc6 7. e3 Bf5 8.
Nf3 e6 9. a3 Be7 10. Ne5 O-O 11. Nxc6 bxc6 12. Be2 Nd7 13. O-O c5 14. Na4 Qb7
15. dxc5 Bxc5 16. b4 Be7 17. Rac1 Rac8 18. Bd3 Bxd3 19. Qxd3 Rfd8 20. Rfd1 Bf6
21. h3 Be5 22. Bxe5 Nxe5 23. Qd4 Nc6 24. Qb2 h6 25. Rc5 Qa6 26. Qb3 Ne5 27. e4
Rxc5 28. Nxc5 Qc6 29. exd5 exd5 30. Rd4 Nc4 31. Qf3 Ne5 32. Qd1 a5 33. f4 Ng6
34. Qd2 Ne7 35. Qc2 Qf6 36. Qd2 Qc6 37. Qc2 Qf6 38. Qd1 Qb6 39. Kh2 Qc7 40. g3
axb4 41. axb4 Qc6 42. Qc2 1/2-1/2

[Event "L.Rudenko Memorial 2011"]
[Site "St. Petersburg"]
[Date "2011.08.24"]
[Round "2"]
[White "Grebennikova, Tatyana"]
[Black "Travkina, Anastasia"]
[Result "1/2-1/2"]
[WhiteElo "2009"]
[BlackElo "2176"]
[PlyCount "58"]
[EventDate "2011.08.23"]

1. c4 e6 2. Nf3 Nf6 3. g3 d5 4. b3 Be7 5. Bb2 O-O 6. Bg2 c5 7. O-O Nc6 8. Ne5
Nxe5 9. Bxe5 d4 10. Bxf6 Bxf6 11. d3 Qc7 12. Na3 Bd7 13. Nc2 Bc6 14. Bxc6 Qxc6
15. Rb1 h6 16. Qd2 Bg5 17. Qa5 Bd8 18. Qd2 e5 19. e4 Bc7 20. b4 b6 21. Rb3 Rae8
22. f3 Re7 23. b5 Qd7 24. Rfb1 Re6 25. Ne1 g5 26. g4 Rg6 27. Ng2 Re6 28. Ne1
Rg6 29. Ng2 Re6 1/2-1/2

[Event "L.Rudenko Memorial 2011"]
[Site "St. Petersburg"]
[Date "2011.08.24"]
[Round "2"]
[White "Butuc, Maria"]
[Black "Trapeznikova, Darya"]
[Result "0-1"]
[WhiteElo "2172"]
[BlackElo "1979"]
[PlyCount "104"]
[EventDate "2011.08.23"]

1. c4 e6 2. Nf3 d5 3. g3 c6 4. Bg2 dxc4 5. a4 Nf6 6. Na3 Bxa3 7. Rxa3 Nd5 8. a5
Nd7 9. Qc2 O-O 10. Qxc4 e5 11. O-O Qe7 12. d3 Kh8 13. Re1 Rd8 14. Bd2 f6 15.
Raa1 Nf8 16. Rac1 Be6 17. Qa4 c5 18. Qb5 b6 19. axb6 axb6 20. e4 Nb4 21. Bxb4
cxb4 22. d4 exd4 23. Red1 Bg4 24. Rxd4 Bxf3 25. Rxd8 Qxd8 26. Bxf3 Qd2 27. Rd1
Qxb2 28. e5 Rb8 29. Re1 Qc3 30. Re3 Qc5 31. Qe2 fxe5 32. Rxe5 Qc1+ 33. Kg2 b3
34. Rb5 Qc2 35. Qe5 Nd7 36. Qd4 Nf6 37. Rxb6 Qc7 38. Rxb8+ Qxb8 39. Qb2 Qb5 40.
Qb1 b2 41. Bd1 Qc6+ 42. f3 Qc1 43. Bc2 Qxb1 44. Bxb1 Nd5 45. h4 Nc3 46. Bd3
b1=Q 47. Bxb1 Nxb1 48. g4 Kg8 49. f4 Kf7 50. f5 Kf6 51. Kf3 Ke5 52. Ke3 Nc3 0-1

[Event "L.Rudenko Memorial 2011"]
[Site "St. Petersburg"]
[Date "2011.08.24"]
[Round "2"]
[White "Katyshkina, Anastasia"]
[Black "Bivol, Alina"]
[Result "1/2-1/2"]
[WhiteElo "1936"]
[BlackElo "2171"]
[PlyCount "84"]
[EventDate "2011.08.23"]

1. e4 e6 2. Nf3 d5 3. Nc3 Bb4 4. a3 Bxc3 5. dxc3 dxe4 6. Qxd8+ Kxd8 7. Ng5 Ke7
8. Bf4 f6 9. Nxe4 e5 10. Be3 b6 11. c4 Nh6 12. Bxh6 gxh6 13. O-O-O f5 14. Nc3
Bb7 15. Nd5+ Bxd5 16. Rxd5 Nd7 17. g3 c6 18. Rd2 e4 19. Bh3 Rhf8 20. Rhd1 Ne5
21. Rd6 h5 22. Rh6 Rf7 23. Rdd6 Ng6 24. Rxc6 Kd7 25. Rxh7 Rxh7 26. Rxg6 Rf8 27.
Kd2 Ke7 28. Rc6 Rhf7 29. Ke3 f4+ 30. Kxe4 fxg3 31. fxg3 Rf2 32. Rc7+ Kd6 33.
Rd7+ Kc6 34. b4 a6 35. Rd5 Rxh2 36. Rxh5 Rxc2 37. b5+ axb5 38. cxb5+ Kb7 39.
Rh7+ Kb8 40. Rh6 Ka7 41. Rh7+ Kb8 42. Rh6 Ka7 1/2-1/2

[Event "L.Rudenko Memorial 2011"]
[Site "St. Petersburg"]
[Date "2011.08.24"]
[Round "2"]
[White "Tomilova, Elena"]
[Black "Vronskaya, Anna"]
[Result "1-0"]
[WhiteElo "2317"]
[BlackElo "1864"]
[PlyCount "55"]
[EventDate "2011.08.23"]

1. d4 d5 2. Bf4 e6 3. Nf3 c5 4. e3 Nf6 5. c3 Be7 6. Nbd2 O-O 7. Bd3 Nc6 8. Ne5
Nd7 9. h4 f5 10. g4 Ndxe5 11. dxe5 d4 12. exd4 cxd4 13. c4 Qa5 14. Qe2 Nb4 15.
g5 Nxd3+ 16. Qxd3 Bd7 17. O-O b5 18. Qxd4 Rfd8 19. Nb3 Qb4 20. cxb5 Bxb5 21.
Qxb4 Bxb4 22. Rfd1 Rxd1+ 23. Rxd1 Rc8 24. Be3 Rc7 25. Rd8+ Kf7 26. Rb8 a6 27.
a4 Bxa4 28. Rxb4 1-0

[Event "L.Rudenko Memorial 2011"]
[Site "St. Petersburg"]
[Date "2011.08.24"]
[Round "2"]
[White "Zakurdjaeva, Irina"]
[Black "Maidanova, Irina"]
[Result "1-0"]
[WhiteElo "2268"]
[BlackElo "1861"]
[PlyCount "119"]
[EventDate "2011.08.23"]

1. e4 c5 2. Nf3 d6 3. d4 cxd4 4. Nxd4 Nf6 5. Nc3 a6 6. Be2 e5 7. Nb3 Be6 8. Be3
Be7 9. Nd5 Bxd5 10. exd5 O-O 11. O-O Nbd7 12. c4 Rc8 13. Kh1 Ne8 14. Qd2 b6 15.
f4 Nc5 16. Bxc5 bxc5 17. fxe5 dxe5 18. Bg4 Rb8 19. Na5 Rb6 20. Rad1 Bd6 21. Bh3
Bc7 22. Nc6 Qd6 23. g3 Nf6 24. b3 Re8 25. Qe3 h5 26. b4 Rxc6 27. dxc6 Qxc6+ 28.
Bg2 e4 29. Qxc5 Qxc5 30. bxc5 e3 31. Rde1 e2 32. Rf2 Ba5 33. Rexe2 Rd8 34. h3
Rd4 35. Rf4 Rd1+ 36. Rf1 Rd4 37. Bd5 Nxd5 38. cxd5 Rxd5 39. Rc2 Kf8 40. Rb1 Rd8
41. Rb7 Rc8 42. c6 Bc7 43. Kg2 Ke7 44. Rd2 Ke6 45. Rd7 Be5 46. Re7+ Kd6 47.
Rbd7+ Kxc6 48. Rd2 Bc3 49. Rc2 Kd5 50. Kf3 Rc5 51. Rxf7 Kc4 52. Rc1 g5 53. g4
hxg4+ 54. Kxg4 a5 55. Rf3 Kb4 56. a3+ Kb3 57. Rfxc3+ Rxc3 58. Rxc3+ Kxc3 59.
Kxg5 a4 60. h4 1-0

[Event "L.Rudenko Memorial 2011"]
[Site "St. Petersburg"]
[Date "2011.08.24"]
[Round "2"]
[White "Eidelson, Rakhil"]
[Black "Kiseleva, Arina"]
[Result "1-0"]
[WhiteElo "2242"]
[BlackElo "1846"]
[PlyCount "101"]
[EventDate "2011.08.23"]

1. Nf3 Nf6 2. d4 d5 3. g3 c6 4. Bg2 Bf5 5. O-O e6 6. Nbd2 Nbd7 7. Nh4 Bg6 8.
Nxg6 hxg6 9. e4 dxe4 10. Nxe4 Nxe4 11. Bxe4 Nf6 12. Bg2 Bd6 13. Qe2 O-O 14. Bg5
Qa5 15. Bxf6 gxf6 16. a3 Qb6 17. c3 e5 18. d5 c5 19. c4 a5 20. Qc2 Qa6 21. Rfd1
Rfe8 22. Rab1 b6 23. Qa4 Red8 24. Rd3 f5 25. Re1 Rab8 26. Rb3 Kg7 27. Rb5 Rh8
28. b4 cxb4 29. axb4 Rhc8 30. Bf1 Ra8 31. c5 bxc5 32. bxc5 Bf8 33. c6 Qa7 34.
Rxe5 Bd6 35. Re2 Rcb8 36. Reb2 Rxb5 37. Rxb5 Bb4 38. Qc2 Rc8 39. Qb2+ Kg8 40.
Qe5 Qc7 41. f4 Bd6 42. Qc3 Bb4 43. Qf6 Rb8 44. Kg2 Rxb5 45. Bxb5 Bd6 46. h4 Qb8
47. Be2 Qc7 48. h5 Kh7 49. Bc4 a4 50. h6 Kxh6 51. Qh8# 1-0

[Event "L.Rudenko Memorial 2011"]
[Site "St. Petersburg"]
[Date "2011.08.24"]
[Round "2"]
[White "Baraeva, Irina"]
[Black "Chernyak, Viktoria"]
[Result "1-0"]
[WhiteElo "2204"]
[BlackElo "1768"]
[PlyCount "59"]
[EventDate "2011.08.23"]

1. c4 Nf6 2. Nf3 g6 3. Nc3 Bg7 4. e4 d6 5. d4 O-O 6. Be2 Nbd7 7. O-O e5 8. Be3
Re8 9. Qc2 b6 10. Rad1 Bb7 11. dxe5 dxe5 12. b4 Qe7 13. a3 a5 14. Rb1 Bc6 15.
Rfd1 Red8 16. Nd5 Bxd5 17. exd5 h6 18. h3 Nh5 19. Qc1 Nf4 20. Bf1 g5 21. c5
axb4 22. axb4 bxc5 23. bxc5 Nf6 24. Bxf4 gxf4 25. Qc4 Ra5 26. Rbc1 e4 27. Nd4
Rxd5 28. Nc6 Qxc5 29. Rxd5 Qxc4 30. Rd8+ 1-0

[Event "L.Rudenko Memorial 2011"]
[Site "St. Petersburg"]
[Date "2011.08.24"]
[Round "2"]
[White "Azimova, Karina"]
[Black "Tskhadadze, Anna"]
[Result "1/2-1/2"]
[WhiteElo "2067"]
[BlackElo "1761"]
[PlyCount "121"]
[EventDate "2011.08.23"]

1. e4 e5 2. Bc4 Nf6 3. d3 Nc6 4. Nf3 Be7 5. O-O O-O 6. Re1 d6 7. c3 Bg4 8. Nbd2
Nd7 9. Nf1 Be6 10. Bxe6 fxe6 11. d4 exd4 12. cxd4 Bf6 13. Ng3 Qe8 14. d5 Nce5
15. Nd4 Nc5 16. Nxe6 Nxe6 17. dxe6 Qxe6 18. Nf5 Qc4 19. Re3 Rae8 20. f3 Nc6 21.
Rb3 Nd4 22. Nxd4 Bxd4+ 23. Be3 Bxe3+ 24. Rxe3 Qc5 25. Qc1 Qd4 26. Qc3 Qb6 27.
Qb3+ Kh8 28. Qxb6 axb6 29. Rc1 c6 30. Rb3 b5 31. a4 bxa4 32. Rxb7 Rb8 33. Rxb8
Rxb8 34. Rxc6 Kg8 35. Rc4 Rxb2 36. Rxa4 Kf7 37. Rd4 Ke6 38. Rd5 g6 39. h3 Re2
40. Kh2 Rc2 41. Kg3 Re2 42. h4 h6 43. Kh3 Rc2 44. g4 Rc3 45. Kg3 Rb3 46. Ra5
Rb8 47. Ra7 Rh8 48. Ra6 Rc8 49. Rb6 Ra8 50. h5 g5 51. Rb7 Rf8 52. Rb5 Rc8 53.
Rf5 Ra8 54. Kf2 Rb8 55. Ke3 Rb3+ 56. Kd4 Rb4+ 57. Kc3 Rb8 58. Kc4 Ra8 59. Kb5
Rc8 60. Kb6 Ke7 61. Kb5 1/2-1/2

[Event "L.Rudenko Memorial 2011"]
[Site "St. Petersburg"]
[Date "2011.08.24"]
[Round "2"]
[White "Markelova, Lubov"]
[Black "Gudkina, Zhanna"]
[Result "0-1"]
[WhiteElo "2074"]
[BlackElo "1759"]
[PlyCount "62"]
[EventDate "2011.08.23"]

1. d4 d5 2. Bg5 Bf5 3. e3 c6 4. c4 dxc4 5. Nc3 b5 6. e4 Bg6 7. e5 h6 8. Be3 e6
9. Qf3 Bb4 10. a3 Bxc3+ 11. bxc3 Ne7 12. Ne2 Nd5 13. Bd2 Nd7 14. g4 a5 15. Ng3
N7b6 16. Rc1 Qe7 17. Ra1 Qb7 18. Be2 b4 19. axb4 axb4 20. Rxa8+ Qxa8 21. O-O b3
22. Ne4 Bxe4 23. Qxe4 Qa2 24. Rd1 Kd7 25. f4 Ra8 26. f5 b2 27. fxe6+ fxe6 28.
Qg6 Qb3 29. Rb1 Ra1 30. Kg2 Qa2 31. Qxg7+ Ne7 0-1

[Event "L.Rudenko Memorial 2011"]
[Site "St. Petersburg"]
[Date "2011.08.24"]
[Round "2"]
[White "Kostitsina, Liubov"]
[Black "Sundukova, Ksenia"]
[Result "1-0"]
[WhiteElo "2017"]
[BlackElo "1755"]
[PlyCount "65"]
[EventDate "2011.08.23"]

1. e4 e5 2. Nf3 Nc6 3. Bb5 a6 4. Ba4 d6 5. O-O Bd7 6. c3 g6 7. d4 Bg7 8. Bb3
Nge7 9. Be3 O-O 10. Qe2 Na5 11. Bc2 Bb5 12. Bd3 Bxd3 13. Qxd3 Nac6 14. d5 Nb8
15. c4 f5 16. Ng5 Qc8 17. Nc3 f4 18. Bd2 Nd7 19. b4 Bf6 20. Ne6 Rf7 21. c5 Nf8
22. cxd6 cxd6 23. Na4 Nd7 24. Rfc1 Qb8 25. Rc7 Nc8 26. Rac1 Ncb6 27. Nxb6 Nxb6
28. Rxf7 Kxf7 29. Nc7 Ra7 30. Qh3 Kg7 31. Qe6 Bd8 32. Qxd6 Ra8 33. Qxb6 1-0

[Event "L.Rudenko Memorial 2011"]
[Site "St. Petersburg"]
[Date "2011.08.24"]
[Round "2"]
[White "Manina, Ksenia"]
[Black "Yusupova, Lilia"]
[Result "1-0"]
[WhiteElo "2003"]
[BlackElo "1672"]
[PlyCount "89"]
[EventDate "2011.08.23"]

1. e4 c5 2. Nf3 e6 3. d4 cxd4 4. Nxd4 Nf6 5. Nc3 Nc6 6. g3 a6 7. Bg2 Bc5 8.
Nxc6 bxc6 9. e5 Nd5 10. Ne4 Be7 11. c4 Nb6 12. b3 Bb7 13. O-O Qc7 14. Bb2 Nc8
15. Qg4 Rg8 16. Rad1 d5 17. exd6 Nxd6 18. Qf4 O-O-O 19. Be5 g5 20. Nxd6+ Bxd6
21. Bxd6 gxf4 22. Bxc7 Kxc7 23. c5 fxg3 24. hxg3 f5 25. Rfe1 Bc8 26. Bf1 Rxd1
27. Rxd1 Rd8 28. Rxd8 Kxd8 29. b4 e5 30. Bd3 e4 31. Bc4 Ke7 32. Kf1 Kf6 33. Ke2
Ke5 34. Ke3 h6 35. a3 Bb7 36. Bf7 Kf6 37. Be8 Ke7 38. Bh5 Kf6 39. Kf4 Bc8 40.
Be2 Bb7 41. g4 fxg4 42. Bxg4 Ba8 43. Bc8 a5 44. bxa5 h5 45. a6 1-0

[Event "L.Rudenko Memorial 2011"]
[Site "St. Petersburg"]
[Date "2011.08.24"]
[Round "2"]
[White "Botalova, Yulia"]
[Black "Elizarova, Taisia"]
[Result "1/2-1/2"]
[WhiteElo "1969"]
[BlackElo "1662"]
[PlyCount "62"]
[EventDate "2011.08.23"]

1. d4 Nf6 2. Nf3 g6 3. g3 Bg7 4. Bg2 d6 5. O-O O-O 6. b3 c5 7. Bb2 Nbd7 8. Nbd2
Qc7 9. c4 a5 10. dxc5 Nxc5 11. Rc1 Bd7 12. Nd4 Rfc8 13. Re1 Ne6 14. Nb5 Qb6 15.
a4 Bc6 16. Nf3 Ne4 17. Nbd4 Nxd4 18. Bxd4 Bxd4 19. Nxd4 Nf6 20. e3 Bxg2 21.
Kxg2 Ne4 22. h4 h5 23. Nb5 Qc6 24. Kg1 b6 25. Nd4 Qd7 26. Ne2 Qg4 27. Nf4 Qxd1
28. Rexd1 Nf6 29. Nd5 Nxd5 30. Rxd5 Rc5 31. Rcd1 Rac8 1/2-1/2

[Event "L.Rudenko Memorial 2011"]
[Site "St. Petersburg"]
[Date "2011.08.24"]
[Round "2"]
[White "Butneva, Larisa"]
[Black "Petrochenko, Maria"]
[Result "0-1"]
[WhiteElo "1868"]
[BlackElo "1491"]
[PlyCount "134"]
[EventDate "2011.08.23"]

1. e4 c5 2. Nc3 Nc6 3. f4 g6 4. Nf3 Bg7 5. Bc4 Nf6 6. e5 Ng8 7. d4 cxd4 8. Nxd4
d6 9. Nxc6 bxc6 10. Bb3 d5 11. Ba4 Bd7 12. Be3 e6 13. O-O Ne7 14. Bc5 O-O 15.
Qe2 Re8 16. b4 Nf5 17. g4 Ne7 18. Qe3 Nc8 19. g5 Nb6 20. Bb3 Bf8 21. Bxf8 Rxf8
22. Rad1 Qe7 23. a3 Rac8 24. Na4 Nxa4 25. Bxa4 c5 26. Bxd7 Qxd7 27. bxc5 Qc6
28. Rf2 Qxc5 29. Qh3 Qc3 30. Rd3 Qe1+ 31. Rf1 Qe4 32. c3 Qf5 33. Qg3 Rc4 34.
Rd4 Rfc8 35. Rxc4 Rxc4 36. Qe3 Rc7 37. Rf3 Qb1+ 38. Rf1 Qb6 39. Qxb6 axb6 40.
Rf3 Ra7 41. c4 dxc4 42. Kf2 b5 43. h3 Kf8 44. Rc3 Ke7 45. Ke3 Kd7 46. Kd2 Kc6
47. Ke3 Kc5 48. Ke4 Ra4 49. h4 Ra8 50. h5 Rh8 51. Rh3 Ra8 52. hxg6 hxg6 53. Rc3
b4 54. axb4+ Kxb4 55. Rc1 Ra3 56. Kd4 Rd3+ 57. Ke4 Rd2 58. Rb1+ Ka3 59. Ke3 Rb2
60. Rc1 Kb3 61. Kd4 Rd2+ 62. Ke3 c3 63. Rb1+ Rb2 64. Rc1 c2 65. Kd3 Ra2 66. Kd2
Kc4 67. Re1 Kd4 0-1

[Event "L.Rudenko Memorial 2011"]
[Site "St. Petersburg"]
[Date "2011.08.25"]
[Round "3"]
[White "Romanko, Marina"]
[Black "Shaydullina, Sandugach"]
[Result "1-0"]
[WhiteElo "2402"]
[BlackElo "2158"]
[PlyCount "85"]
[EventDate "2011.08.23"]

1. d4 d5 2. c4 dxc4 3. e4 Nc6 4. Nf3 Bg4 5. d5 Ne5 6. Bf4 Ng6 7. Be3 Nf6 8. Nc3
e5 9. Bxc4 a6 10. Be2 Bd6 11. g3 Qe7 12. h4 h5 13. Bg5 Bc5 14. Nd2 b5 15. Bxg4
hxg4 16. Rf1 Qd7 17. Bxf6 gxf6 18. f3 Nxh4 19. gxh4 g3 20. Qe2 Rxh4 21. Qg2
Bf2+ 22. Rxf2 gxf2+ 23. Qxf2 Rh1+ 24. Nf1 b4 25. Ne2 c6 26. dxc6 Qxc6 27. Rc1
Qa4 28. Qg2 Rh8 29. Qg7 Rf8 30. Qxf6 Qa5 31. Qc6+ Ke7 32. Rc5 Qxa2 33. Rxe5+
Qe6 34. Rxe6+ fxe6 35. Nd4 Rfc8 36. Qxe6+ Kd8 37. Ne3 Rc1+ 38. Kd2 Rac8 39.
Qd6+ Ke8 40. Nd5 Kf7 41. Qf6+ Kg8 42. Ne7+ Kh7 43. Qg6+ 1-0

[Event "L.Rudenko Memorial 2011"]
[Site "St. Petersburg"]
[Date "2011.08.25"]
[Round "3"]
[White "Molchanova, Tatjana"]
[Black "Goryachkina, Aleksandra"]
[Result "1/2-1/2"]
[WhiteElo "2346"]
[BlackElo "2153"]
[PlyCount "156"]
[EventDate "2011.08.23"]

1. d4 d5 2. c4 c6 3. Nf3 Nf6 4. Qc2 dxc4 5. Qxc4 Bf5 6. g3 e6 7. Bg2 Be7 8. O-O
O-O 9. Nc3 Nbd7 10. e3 h6 11. Qe2 Ne4 12. Nd2 Nxd2 13. Bxd2 e5 14. d5 Nb6 15.
e4 Bd7 16. Rfd1 cxd5 17. exd5 Re8 18. d6 Bxd6 19. Bxh6 Bc5 20. Ne4 Bd4 21. Be3
Qe7 22. Qh5 Ba4 23. b3 Bc6 24. Bxd4 exd4 25. Rxd4 Qe5 26. Qxe5 Rxe5 27. Nd6
Bxg2 28. Kxg2 Re2 29. Nxb7 Rc8 30. Rd8+ Rxd8 31. Nxd8 Rc2 32. Nb7 Nd5 33. Nd6
g6 34. a3 Rb2 35. b4 Ne3+ 36. Kf3 Nc2 37. Rc1 Kf8 38. Nc4 Rb3+ 39. Ke4 Nxa3 40.
Nxa3 Rxa3 41. Kd5 Rb3 42. Kc5 Rb2 43. Rf1 Rc2+ 44. Kb5 Kg7 45. h4 Kf6 46. g4
Re2 47. f3 Re3 48. Kc5 Rc3+ 49. Kd4 Rb3 50. Kc4 Ra3 51. b5 Ke6 52. Re1+ Kd6 53.
Rd1+ Kc7 54. Rd3 Ra1 55. Rd4 Rh1 56. Rf4 f5 57. h5 gxh5 58. gxf5 Kd7 59. Re4 h4
60. f6 h3 61. f7 Rc1+ 62. Kb3 Rc8 63. Ra4 Rh8 64. Rxa7+ Ke6 65. Ra1 Kxf7 66.
Kc4 h2 67. Rh1 Ke6 68. Kd4 Rh4+ 69. Kc5 Kd7 70. Kb6 Rh5 71. Ka6 Kc7 72. f4 Rh4
73. b6+ Kb8 74. f5 Ra4+ 75. Kb5 Rf4 76. Rxh2 Rxf5+ 77. Ka6 Rf8 78. Rh7 Rg8
1/2-1/2

[Event "L.Rudenko Memorial 2011"]
[Site "St. Petersburg"]
[Date "2011.08.25"]
[Round "3"]
[White "Doluhanova, Evgeniya"]
[Black "Kostrikina, Anna"]
[Result "1-0"]
[WhiteElo "2227"]
[BlackElo "2079"]
[PlyCount "99"]
[EventDate "2011.08.23"]

1. e4 c5 2. Nf3 e6 3. d4 cxd4 4. Nxd4 Nf6 5. Nc3 d6 6. Be3 Nc6 7. f3 Be7 8. Qd2
O-O 9. O-O-O a6 10. g4 Nxd4 11. Bxd4 b5 12. g5 Nd7 13. h4 b4 14. Na4 Qa5 15. b3
Bb7 16. a3 d5 17. axb4 Bxb4 18. Bc3 Bxc3 19. Qxc3 Qxc3 20. Nxc3 Rfc8 21. Kb2
Nb6 22. exd5 Nxd5 23. Nxd5 Bxd5 24. Be2 a5 25. Rd4 Bc6 26. Ra1 Kf8 27. f4 Ke7
28. Rc4 f6 29. Rc5 a4 30. bxa4 Kd6 31. Rc3 Rcb8+ 32. Rb3 Rc8 33. a5 fxg5 34.
fxg5 h6 35. a6 hxg5 36. hxg5 Ra7 37. Rd1+ Ke5 38. Rb4 Kf5 39. Rg1 Bd5 40. c4
Bc6 41. Rb6 Ke5 42. Bg4 Kd6 43. Rc1 Kc5 44. Rb5+ Kd4 45. Rd1+ Ke3 46. Rb6 Ba4
47. Rxe6+ Kf4 48. Rd4+ Kxg5 49. Re5+ Kf6 50. Rf5+ 1-0

[Event "L.Rudenko Memorial 2011"]
[Site "St. Petersburg"]
[Date "2011.08.25"]
[Round "3"]
[White "Trapeznikova, Darya"]
[Black "Shulakova, Svetlana"]
[Result "1-0"]
[WhiteElo "1979"]
[BlackElo "2177"]
[PlyCount "103"]
[EventDate "2011.08.23"]

1. d4 d5 2. c4 c6 3. Nf3 Nf6 4. Nc3 dxc4 5. a4 Bf5 6. Ne5 Nbd7 7. Nxc4 Qc7 8.
g3 e5 9. dxe5 Nxe5 10. Bf4 Rd8 11. Qc1 Bd6 12. Nxd6+ Qxd6 13. Qe3 Nfg4 14. Qxa7
Qb4 15. Bxe5 Qxb2 16. Rd1 O-O 17. Bd4 Bc2 18. e3 Bxd1 19. Nxd1 Qb4+ 20. Nc3 Nf6
21. Qc5 Qxc5 22. Bxc5 Rfe8 23. Bb6 Ra8 24. Bh3 Ne4 25. Nxe4 Rxe4 26. a5 g6 27.
Ke2 f5 28. Rd1 Rae8 29. Bg2 R4e5 30. Bf1 h6 31. Kf3 Kh7 32. Bd8 Rd5 33. Rxd5
cxd5 34. Bb6 Kg7 35. Bb5 Re4 36. Bd4+ Kf7 37. Ba4 Re7 38. Bb3 Ke6 39. Bb6 Re8
40. Ke2 Rc8 41. Kd2 Kd6 42. Bd4 Ra8 43. Bc3 Kc5 44. Kd3 Re8 45. h3 Ra8 46. Bd1
Re8 47. g4 fxg4 48. hxg4 Rf8 49. f4 Rf7 50. Kd2 Re7 51. f5 gxf5 52. gxf5 1-0

[Event "L.Rudenko Memorial 2011"]
[Site "St. Petersburg"]
[Date "2011.08.25"]
[Round "3"]
[White "Travkina, Anastasia"]
[Black "Katyshkina, Anastasia"]
[Result "1-0"]
[WhiteElo "2176"]
[BlackElo "1936"]
[PlyCount "109"]
[EventDate "2011.08.23"]

1. e4 d5 2. exd5 Nf6 3. Bb5+ Bd7 4. Be2 Bf5 5. d4 Nxd5 6. a3 g6 7. Nf3 Bg7 8.
O-O O-O 9. c4 Nb6 10. Nc3 Nc6 11. c5 Nd5 12. Bc4 Be6 13. Ba2 Qd7 14. Re1 Rad8
15. Bg5 h6 16. Bh4 Nf4 17. Bg3 Bxa2 18. Bxf4 Be6 19. Ne5 Qxd4 20. Nxc6 bxc6 21.
Bxc7 Rd7 22. Qxd4 Bxd4 23. Bf4 Bxc5 24. Bxh6 Rb8 25. b4 Bd4 26. Rac1 a5 27.
bxa5 Rb3 28. Ne2 c5 29. Nxd4 cxd4 30. f3 d3 31. Bd2 Rd6 32. Rb1 Kf8 33. Rxb3
Bxb3 34. Rb1 Bc2 35. Rb8+ Kg7 36. Rb6 Rd7 37. Kf2 f5 38. a6 Ra7 39. Bc3+ Kf7
40. Ke3 g5 41. Kd2 Ra8 42. Bd4 f4 43. Rh6 Ba4 44. a7 Be8 45. Ra6 e6 46. Be5 Ke7
47. Bb8 Bd7 48. Ra5 Kf6 49. Rc5 Be8 50. Rc8 Kf7 51. Kxd3 Bb5+ 52. Kd4 Bf1 53.
Rc2 Bb5 54. Ke5 Ba4 55. Rc7+ 1-0

[Event "L.Rudenko Memorial 2011"]
[Site "St. Petersburg"]
[Date "2011.08.25"]
[Round "3"]
[White "Bivol, Alina"]
[Black "Grebennikova, Tatyana"]
[Result "1-0"]
[WhiteElo "2171"]
[BlackElo "2009"]
[PlyCount "77"]
[EventDate "2011.08.23"]

1. d4 Nf6 2. g3 d6 3. Bg2 c6 4. e4 Nbd7 5. Ne2 e5 6. O-O Be7 7. b3 O-O 8. Bb2
Re8 9. Nd2 Bf8 10. f4 Qc7 11. h3 b6 12. g4 c5 13. d5 exf4 14. Nxf4 Ne5 15. Bxe5
Rxe5 16. Nd3 Re8 17. Qf3 h6 18. e5 Nh7 19. Nc4 Ng5 20. Qg3 Ba6 21. Nxd6 Bxd6
22. exd6 Qd7 23. c4 f6 24. Rae1 Nf7 25. Re6 Rad8 26. Rfe1 Nxd6 27. R1e3 Rxe6
28. dxe6 Qe7 29. Nf4 Ne8 30. Bd5 Rc8 31. Ng6 Qc7 32. Qxc7 Rxc7 33. Bc6 Nd6 34.
e7 Rxc6 35. e8=Q+ Nxe8 36. Ne7+ Kf8 37. Nxc6 Bb7 38. Nxa7 Nd6 39. Re6 1-0

[Event "L.Rudenko Memorial 2011"]
[Site "St. Petersburg"]
[Date "2011.08.25"]
[Round "3"]
[White "Styazhkina, Anna"]
[Black "Zakurdjaeva, Irina"]
[Result "1-0"]
[WhiteElo "2039"]
[BlackElo "2268"]
[PlyCount "111"]
[EventDate "2011.08.23"]

1. d4 Nf6 2. c4 e6 3. Nf3 b6 4. e3 Bb7 5. Bd3 Bb4+ 6. Bd2 Be7 7. O-O c5 8. Bc3
O-O 9. Nbd2 cxd4 10. Nxd4 d6 11. Rc1 Nbd7 12. Bb1 Rc8 13. b3 g6 14. Qe2 Qc7 15.
Rfd1 Qb8 16. f3 e5 17. Nc2 b5 18. e4 bxc4 19. Nxc4 d5 20. exd5 Nxd5 21. Bb2
Rfe8 22. N2e3 Bc5 23. Kh1 Nf4 24. Qd2 Nb6 25. Ng4 Nxc4 26. Rxc4 Red8 27. Nf6+
Kg7 28. Nd7 Rxd7 29. Qxd7 Ne6 30. Re1 Bd4 31. Bxd4 Rxc4 32. bxc4 Nxd4 33. c5
Bc6 34. Qe7 Bxf3 35. Qxe5+ Qxe5 36. Rxe5 Kf6 37. Re3 Bd5 38. Be4 Bxa2 39. Ra3
Be6 40. Rxa7 Ke5 41. Bb7 Nb5 42. Ra5 Nc7 43. Bf3 h6 44. Kg1 Bc4 45. Kf2 f5 46.
Ra7 Nd5 47. c6 Kd6 48. Bxd5 Bxd5 49. c7 Kd7 50. Ra6 Kxc7 51. Rxg6 h5 52. Rg5
Be4 53. Rxh5 Kd6 54. Rg5 Ke6 55. Ke3 Kf6 56. Kf4 1-0

[Event "L.Rudenko Memorial 2011"]
[Site "St. Petersburg"]
[Date "2011.08.25"]
[Round "3"]
[White "Balaian, Alina"]
[Black "Galojan, Lilit"]
[Result "0-1"]
[WhiteElo "2163"]
[BlackElo "2389"]
[PlyCount "110"]
[EventDate "2011.08.23"]

1. e4 e5 2. Nf3 Nc6 3. Bb5 a6 4. Ba4 Nf6 5. O-O Be7 6. Re1 b5 7. Bb3 d6 8. c3
O-O 9. h3 h6 10. d4 Re8 11. Nbd2 Bf8 12. a4 Bb7 13. Bc2 exd4 14. cxd4 Nb4 15.
Bb1 c5 16. e5 dxe5 17. dxe5 Nd7 18. b3 bxa4 19. Ba3 Bxf3 20. Nxf3 Nxe5 21. Nd2
axb3 22. Be4 Nc2 23. Bxc2 bxc2 24. Qxc2 Qd3 25. Rec1 Qxc2 26. Rxc2 Nd3 27. Rc3
Rad8 28. Nb3 Rd5 29. Rd1 Red8 30. Rd2 Nf4 31. Rdc2 Rd3 32. Kh2 Rxc3 33. Rxc3
Rd3 34. Rxd3 Nxd3 35. Nd2 Nxf2 36. Kg3 Nd3 37. Nc4 f6 38. Kf3 Ne5+ 39. Nxe5
fxe5 40. Ke4 c4 41. Bc1 Be7 42. Bd2 Kf7 43. Kd5 Bf6 44. Kxc4 Ke6 45. g3 Kf5 46.
Kd5 h5 47. Ba5 e4 48. Bb6 Bc3 49. Be3 a5 50. Bc1 Bb4 51. Kd4 a4 52. Kd5 a3 53.
g4+ hxg4 54. hxg4+ Kxg4 55. Kxe4 Be7 0-1

[Event "L.Rudenko Memorial 2011"]
[Site "St. Petersburg"]
[Date "2011.08.25"]
[Round "3"]
[White "Gudkina, Zhanna"]
[Black "Tomilova, Elena"]
[Result "0-1"]
[WhiteElo "1759"]
[BlackElo "2317"]
[PlyCount "62"]
[EventDate "2011.08.23"]

1. e4 e5 2. Nf3 Nc6 3. Bb5 f5 4. Nc3 fxe4 5. Nxe4 Nf6 6. Qe2 d5 7. Nxe5 dxe4 8.
Nxc6 bxc6 9. Bxc6+ Bd7 10. Bxa8 Qxa8 11. b3 Bd6 12. d4 O-O 13. Be3 Bg4 14. Qc4+
Nd5 15. O-O Kh8 16. Rae1 Qd8 17. h3 Be6 18. Qe2 Bb4 19. Ra1 Qh4 20. Bd2 Bxd2
21. Qxd2 Nf4 22. Qe3 Qg5 23. g3 Nxh3+ 24. Kg2 Rxf2+ 25. Rxf2 Qxe3 26. Rf8+ Bg8
27. Kxh3 h5 28. Raf1 Kh7 29. Re8 Qxd4 30. Rff8 Qg1 31. Rxg8 Qh1# 0-1

[Event "L.Rudenko Memorial 2011"]
[Site "St. Petersburg"]
[Date "2011.08.25"]
[Round "3"]
[White "Severiukhina, Zoja"]
[Black "Kindinova, Ekaterina"]
[Result "1-0"]
[WhiteElo "2270"]
[BlackElo "2159"]
[PlyCount "117"]
[EventDate "2011.08.23"]

1. d4 Nf6 2. c4 g6 3. Nc3 Bg7 4. e4 d6 5. f3 O-O 6. Be3 c6 7. Qd2 e5 8. Nge2
exd4 9. Nxd4 Re8 10. Rd1 Qe7 11. Nc2 Rd8 12. Be2 Na6 13. O-O Nc7 14. Rfe1 Be6
15. Bf1 d5 16. exd5 cxd5 17. c5 Nd7 18. b4 Ne5 19. Bd4 Nc6 20. Bxg7 Kxg7 21.
Qf4 Rac8 22. Nd4 Nxd4 23. Rxd4 Qf6 24. Qd2 Rd7 25. Rf4 Qd8 26. Qd4+ Kg8 27. h4
Bf5 28. Qe5 f6 29. Qd4 Ne6 30. Rxe6 Bxe6 31. Rxf6 Qe7 32. Bb5 Rdc7 33. Nxd5
Bxd5 34. Qxd5+ Kh8 35. Qd4 Qg7 36. Qf4 Rd8 37. Kh2 a6 38. Bc4 Rcd7 39. Qg5 Re7
40. c6 bxc6 41. Rxc6 Qe5+ 42. Qxe5+ Rxe5 43. Bxa6 Rd4 44. Bc4 Rxh4+ 45. Kg3 Rd4
46. a4 Rg5+ 47. Kf2 Rd2+ 48. Ke3 Rb2 49. b5 Rgxg2 50. a5 Rg1 51. a6 Ra1 52. b6
Kg7 53. a7 h5 54. Bd5 h4 55. Be4 h3 56. Rxg6+ Kf7 57. Rh6 Ra3+ 58. Kf4 Rb4 59.
Rxh3 1-0